Física experimental / (Record no. 124463)

MARC details
000 -LEADER
campo de control de longitud fija 00775nam a2200241 i 4500
001 - NÚMERO DE CONTROL
campo de control 124463
003 - IDENTIFICADOR DE NÚMERO DE CONTROL
campo de control ES-MaACL
005 - FECHA Y HORA DE LA ÚLTIMA TRANSACCIÓN
campo de control 20251108134030.0
007 - CAMPO FIJO DE DESCRIPCIÓN FÍSICA--INFORMACIÓN GENERAL
campo de control de longitud fija t|
008 - DATOS DE LONGITUD FIJA--INFORMACIÓN GENERAL
campo de control de longitud fija 070327s1927 sp ||||1| spa d
080 ## - NÚMERO DE LA CLASIFICACIÓN DECIMAL UNIVERSAL
Número de la Clasificación Decimal Universal 53(022)
100 1# - ENTRADA PRINCIPAL--NOMBRE DE PERSONA
Nombre de persona Lang, Robert August Heinrich.
9 (RLIN) 70003
245 10 - MENCIÓN DEL TÍTULO
Título Física experimental /
Mención de responsabilidad, etc. Roberto Lang y Blas Cabrera ; traducción directa del alemán por Rodrigo Gil.
260 ## - PUBLICACIÓN, DISTRIBUCIÓN, ETC.
Lugar de publicación, distribución, etc. Barcelona :
Nombre del editor, distribuidor, etc. Labor,
Fecha de publicación, distribución, etc. [1927]
300 ## - DESCRIPCIÓN FÍSICA
Extensión 2 v. :
Otras características físicas il. ;
Dimensiones 17 cm.
490 1# - MENCIÓN DE SERIE
Mención de serie Colección Labor ;
Designación de volumen o secuencia 117, 118, 340, 341
700 1# - ENTRADA AGREGADA--NOMBRE PERSONAL
Nombre de persona Cabrera, Blas,
Fechas asociadas al nombre 1878-1945
9 (RLIN) 33279
700 1# - ENTRADA AGREGADA--NOMBRE PERSONAL
Nombre de persona Gil, Rodrigo.
9 (RLIN) 56753
830 00 - PUNTO DE ACCESO ADICIONAL DE SERIE-TÍTULO UNIFORME
Título uniforme Colección Labor
Designación de volumen o secuencia 117, 118, 340, 341
9 (RLIN) 184254
852 ## - LOCALIZACIÓN
Ubicación ES-MaACL
Número de control de estantería E-2648
852 ## - LOCALIZACIÓN
Ubicación ES-MaACL
Número de control de estantería E-2824
Holdings
Estatus retirado Estado de pérdida Estado de daño No para préstamo Biblioteca de origen Biblioteca actual Ubicación en estantería Fecha de adquisición Fuente de adquisición Total de préstamos Signatura topográfica completa Código de barras Visto por última vez Precio de reemplazo Tipo de ítem Koha
        Biblioteca del Ateneo de Madrid Biblioteca del Ateneo de Madrid Depósito 2 17/01/2008     E-2824 1129674 23/02/2023 23/02/2023 Libro impreso
        Biblioteca del Ateneo de Madrid Biblioteca del Ateneo de Madrid Depósito 2 17/01/2008     E-2648 1129673 23/02/2023 23/02/2023 Libro impreso